| 000 | 01338nam a2200325 a 4500 | ||
|---|---|---|---|
| 001 | 000048257 | ||
| 005 | 20201002061026.0 | ||
| 008 | 181210s2015 pr ab r 000 0 spa d | ||
| 020 | _a9789945581607 | ||
| 040 |
_aDO-SdBNP _bspa _cBNPHU |
||
| 082 |
_a972.95 _bP619g |
||
| 100 | 1 |
_aPiñero Cádiz, Gerardo M. _910261 |
|
| 245 | 1 | 3 |
_aEl Gibraltar del Caribe en guerra : _blas defensas costeras en Puerto Rico durante la segunda guerra mundial / _cGerardo M. Piñero Cádiz ; prólogo Luis E. González Vales. |
| 260 |
_aSan Juan, Puerto Rico : _bIsla Negra, _c2015. |
||
| 300 |
_a111p. : _bil., mapas. ; _c23 cm. |
||
| 490 | 1 | _aVisiones y cegueras | |
| 500 | _aIncluye datos biográficos del autor en las solapas | ||
| 504 | _aBibliografía : p. 91-94 | ||
| 590 | _aInventariado, 2019/BT | ||
| 650 | 4 |
_aBases militares _zPuerto Rico _910262 |
|
| 651 | 4 |
_aPuerto Rico _xHistoria _y1898-1952 _910263 |
|
| 651 | 4 |
_aEstados Unidos _xPolítica Militar _91496 |
|
| 651 | 4 |
_aPuerto Rico _xAspectos Estratégicos _910264 |
|
| 651 | 4 |
_aEstados Unidos _xFuerzas Armadas _910265 |
|
| 651 | 4 |
_aEstados Unidos _xRelaciones _zPuerto Rico _910266 |
|
| 651 | 4 |
_aPuerto Rico _xRelaciones _zEstados Unidos _910267 |
|
| 700 | 1 |
_aGonzález Vales, Luis E., _epról. _975693 |
|
| 830 | 0 |
_aVisiones y cegueras _91120 |
|
| 910 | _aValidado. Control de calidad. MFF | ||
| 999 |
_c47745 _d47745 |
||